| 000 | 00917cam a22002777a 4500 | ||
|---|---|---|---|
| 999 |
_c118433 _d118433 |
||
| 001 | 3821467 | ||
| 003 | OSt | ||
| 005 | 20200618115917.0 | ||
| 007 | heramb---baca | ||
| 007 | herbmb---baaa | ||
| 008 | 860124s1985 ii b s000 0 eng | ||
| 010 | _a 85908110 | ||
| 025 | _aI E 49832 | ||
| 040 |
_aDLC _cDLC _dDLC |
||
| 043 | _aa-ii--- | ||
| 050 | 0 | 0 |
_aMicrofiche _b85/60250 (J) |
| 082 | _a342.07 SUR | ||
| 100 | _dSuranjana C | ||
| 245 | 0 | 0 |
_a25 years of elections in Karnataka, 1952-1977 _h[microform]. |
| 260 |
_aBangalore : _bChief Electoral Officer and Special Secretary to Govt., Dept. of Cabinet Affairs, _c1977. |
||
| 300 |
_a152 p. ; _c29 cm. |
||
| 500 | _aMaster microform held by: DLC. | ||
| 533 |
_aMicrofiche. _bWashington, D.C. : _cLibrary of Congress Photoduplication Service, _d1985. _e2 microfiche ; 11 x 15 cm. |
||
| 906 |
_a7 _bcbc _corignew _d5 _encip _f19 _gy-genmicro |
||
| 942 |
_2ddc _cIR |
||